000 00492nam a2200181Ia 4500
005 20250326125500.0
008 250326s9999 xx 000 0 und d
037 _aTextbook
040 _aFMSL
_beng
_cFMSL
041 _aeng
_2eng
084 _aX9W:8D K4
_qFMSL
100 _aWhite K K
245 0 _aFicing company expansion
_cWhite K K
260 _aNY
_bNY, American Management Association
_c1964
300 _a144p
942 _cTB
_hX9W:8D K4
999 _c1278260
_d1278260